[Event "Sportland NRW-Cup"]
[Site "Senden"]
[Date "1999.??.??"]
[Round "6"]
[White "Caravan, Mariana"]
[Black "Rinderknecht, Thomas"]
[Result "0-1"]
[WhiteElo "2125"]
[BlackElo "1780"]
[PlyCount "63"]
[EventDate "1999.10.??"]
[EventType "swiss"]
[EventRounds "9"]
[EventCountry "GER"]
[SourceTitle "EXT 2000"]
[Source "ChessBase"]
[SourceDate "1999.11.16"]
[SourceVersion "1"]
[SourceVersionDate "1999.11.16"]
[SourceQuality "1"]

1. d4 d6 2. Nf3 Bg4 3. Nbd2 g6 4. g3 Bg7 5. Bg2 c6 6. 0-0 Nf6 7. b3 0-0 8. Bb2 Nbd7 9. c4 Bxf3 10. Nxf3 d5 11. cxd5 cxd5 12. Ne5 e6 13. Rc1 Rb8 14. Ba3 Re8 15. Bd6 Rc8 16. Rxc8 Qxc8 17. Qd2 Nxe5 18. dxe5 Ng4 19. Rc1 Qd7 20. Rc7 Qb5 21. Qf4 f5 22. exf6 Nxf6 23. e4 dxe4 24. Bxe4 e5 25. Qf3 Qb6 26. Bd5+ Kh8 27. Rxb7 Qxd6 28. Bf7 e4 29. Qe3 Qd1+ 30. Kg2 Ng4 31. Qxa7 Qf3+ 32. Kg1 0-1

[Event "ROM-ch (Women)"]
[Site "Sovata"]
[Date "1998.12.14"]
[Round "10"]
[White "Bollengier, Andreea"]
[Black "Caravan, Mariana"]
[Result "0-1"]
[WhiteElo "2185"]
[BlackElo "2125"]
[PlyCount "76"]
[EventDate "1998.12.04"]
[EventType "tourn"]
[EventRounds "13"]
[EventCountry "ROU"]
[SourceTitle "EXT 2000"]
[Source "ChessBase"]
[SourceDate "1999.11.16"]
[SourceVersion "1"]
[SourceVersionDate "1999.11.16"]
[SourceQuality "1"]

1. e4 c5 2. Nf3 d6 3. d4 Nf6 4. Nc3 cxd4 5. Nxd4 a6 6. Bg5 e6 7. f4 Be7 8. Qf3 Qc7 9. 0-0-0 Nbd7 10. g4 b5 11. Bxf6 Nxf6 12. g5 Nd7 13. h4 Nc5 14. Bd3 b4 15. Nce2 Bb7 16. Kb1 g6 17. Ng3 f5 18. gxf6 Bxf6 19. Bc4 Qe7 20. f5 Bxd4 21. Rxd4 exf5 22. Nxf5 gxf5 23. Qh5+ Kd7 24. Rhd1 Bxe4 25. Rxd6+ Kc7 26. Bd5 Qxd6 27. Bxa8 Qg6 28. Qe2 Rxa8 29. Qc4 Qc6 30. Qxb4 Rg8 31. Qd2 Nd7 32. Ka1 Rg2 33. Qa5+ Kc8 34. c3 Qb6 35. Qa3 Rg1 36. Qa4 Qb5 37. Qd4 Rxd1+ 38. Qxd1 Bg2 0-1

[Event "ROM-ch (Women)"]
[Site "Sovata"]
[Date "1998.12.09"]
[Round "6"]
[White "Caravan, Mariana"]
[Black "Cretu, Alina"]
[Result "0-1"]
[WhiteElo "2125"]
[BlackElo "2085"]
[PlyCount "74"]
[EventDate "1998.12.04"]
[EventType "tourn"]
[EventRounds "13"]
[EventCountry "ROU"]
[SourceTitle "EXT 2000"]
[Source "ChessBase"]
[SourceDate "1999.11.16"]
[SourceVersion "1"]
[SourceVersionDate "1999.11.16"]
[SourceQuality "1"]

1. d4 d5 2. c4 e6 3. g3 Nf6 4. Bg2 Be7 5. Nf3 0-0 6. 0-0 Nbd7 7. b3 Ne4 8. Bb2 b6 9. Nbd2 Bb7 10. Nxe4 dxe4 11. Nd2 f5 12. e3 Nf6 13. f3 Qe8 14. Qc2 exf3 15. Nxf3 Be4 16. Qe2 Qh5 17. a3 Ng4 18. h3 Nf6 19. Qf2 Bd6 20. Ne5 Bxg2 21. Qxg2 Qg5 22. Rf4 Bxe5 23. dxe5 Ne4 24. g4 Rad8 25. Re1 Rd2 26. Re2 Rfd8 27. Bc1 Rxe2 28. Qxe2 Qh4 29. gxf5 Qg3+ 30. Qg2 Rd1+ 31. Rf1 Rxc1 32. Rxc1 Qxe3+ 33. Kh2 Qf4+ 34. Kh1 Qxc1+ 35. Kh2 Qd2 36. fxe6 Qxg2+ 37. Kxg2 Kf8 0-1

[Event "ROM-ch (Women)"]
[Site "Sovata"]
[Date "1998.12.07"]
[Round "4"]
[White "Caravan, Mariana"]
[Black "Hamdouchi, Adina Maria"]
[Result "1-0"]
[WhiteElo "2125"]
[BlackElo "2145"]
[PlyCount "81"]
[EventDate "1998.12.04"]
[EventType "tourn"]
[EventRounds "13"]
[EventCountry "ROU"]
[SourceTitle "EXT 2000"]
[Source "ChessBase"]
[SourceDate "1999.11.16"]
[SourceVersion "1"]
[SourceVersionDate "1999.11.16"]
[SourceQuality "1"]

1. d4 g6 2. Nf3 Bg7 3. c4 c5 4. Nc3 cxd4 5. Nxd4 Nc6 6. e3 Nf6 7. Be2 0-0 8. 0-0 b6 9. Bf3 Bb7 10. b3 e5 11. Ndb5 e4 12. Be2 Nb4 13. Ba3 a5 14. Nd6 Bc6 15. Rc1 Qe7 16. Qd2 Rfd8 17. Ncb5 Bxb5 18. cxb5 Nfd5 19. Nc4 Rab8 20. Rfd1 Bf8 21. Qxd5 Nxd5 22. Bxe7 Nxe7 23. Nd6 f5 24. Bc4+ Kg7 25. f3 exf3 26. gxf3 Nc8 27. Nf7 Re8 28. Rxd7 Rxe3 29. Ng5+ Kh6 30. h4 Ne7 31. Kf2 f4 32. Ne6 Nf5 33. h5 gxh5 34. Rf7 Be7 35. Rxf5 Bh4+ 36. Kf1 Rxf3+ 37. Ke2 Rf2+ 38. Kd3 f3 39. Rh1 Kg6 40. Rd5 Bg3 41. Rg5+ 1-0

[Event "ROM-ch (Women)"]
[Site "Sovata"]
[Date "1998.12.04"]
[Round "1"]
[White "Olarasu, Gabriela"]
[Black "Caravan, Mariana"]
[Result "1-0"]
[WhiteElo "2325"]
[BlackElo "2125"]
[PlyCount "59"]
[EventDate "1998.12.04"]
[EventType "tourn"]
[EventRounds "13"]
[EventCountry "ROU"]
[SourceTitle "EXT 2000"]
[Source "ChessBase"]
[SourceDate "1999.11.16"]
[SourceVersion "1"]
[SourceVersionDate "1999.11.16"]
[SourceQuality "1"]

1. Nf3 c5 2. c4 Nf6 3. Nc3 e6 4. g3 b6 5. Bg2 Bb7 6. 0-0 Be7 7. Re1 0-0 8. e4 d6 9. d4 cxd4 10. Nxd4 Qc8 11. b3 a6 12. Bb2 Nbd7 13. Rc1 Qc7 14. Nc2 Rac8 15. Ne3 Qb8 16. g4 h6 17. f4 Rfd8 18. h4 Bf8 19. g5 hxg5 20. hxg5 Ne8 21. g6 Nef6 22. gxf7+ Kxf7 23. f5 exf5 24. exf5 Bxg2 25. Nxg2 Re8 26. Nd5 Rxe1+ 27. Nxe1 Qb7 28. Nxf6 Nxf6 29. Nf3 Qe4 30. Ng5+ 1-0

[Event "Centrocoop Sept op-B"]
[Site "Eforie Nord"]
[Date "1998.??.??"]
[Round "?"]
[White "Calotescu, Ana Cristina"]
[Black "Caravan, Mariana"]
[Result "0-1"]
[WhiteElo "2175"]
[BlackElo "2125"]
[PlyCount "78"]
[EventDate "1998.09.??"]
[EventType "swiss"]
[EventRounds "11"]
[EventCountry "ROU"]
[SourceTitle "EXT 2000"]
[Source "ChessBase"]
[SourceDate "1999.11.16"]
[SourceVersion "1"]
[SourceVersionDate "1999.11.16"]
[SourceQuality "1"]

1. Nf3 d5 2. g3 Nf6 3. Bg2 c6 4. 0-0 g6 5. d4 Bg7 6. b3 0-0 7. Bb2 Ne4 8. e3 Bf5 9. c4 Nd7 10. Nh4 Be6 11. Qe2 Ndf6 12. Nc3 Nxc3 13. Bxc3 Ne4 14. Bb2 Qd7 15. Rfd1 Bh3 16. f3 Bxg2 17. Nxg2 Ng5 18. e4 Ne6 19. Rac1 Rac8 20. Kh1 Rfd8 21. e5 Bh6 22. f4 Ng7 23. g4 Ne6 24. Qf3 b5 25. c5 a5 26. h4 Nc7 27. Rg1 f5 28. Ne3 e6 29. gxf5 exf5 30. h5 Kf7 31. Rg3 Rg8 32. Rcg1 Rcf8 33. R1g2 Qe6 34. Rh3 Ke7 35. hxg6 Rxg6 36. Rxg6 Qxg6 37. Rg3 Qf7 38. Rh3 Qg6 39. Ng2 Rg8 0-1

[Event "Centrocoop June op-B"]
[Site "Eforie Nord"]
[Date "1998.??.??"]
[Round "?"]
[White "Caravan, Mariana"]
[Black "Manate, Laurean"]
[Result "1-0"]
[WhiteElo "2125"]
[BlackElo "1720"]
[PlyCount "116"]
[EventDate "1998.06.??"]
[EventType "swiss"]
[EventRounds "11"]
[EventCountry "ROU"]
[SourceTitle "EXT 2000"]
[Source "ChessBase"]
[SourceDate "1999.11.16"]
[SourceVersion "1"]
[SourceVersionDate "1999.11.16"]
[SourceQuality "1"]

1. d4 c6 2. c4 Nf6 3. Nc3 d5 4. Nf3 e6 5. e3 Bd6 6. Bd3 Nbd7 7. 0-0 0-0 8. e4 dxe4 9. Nxe4 Nxe4 10. Bxe4 Nf6 11. Bc2 Qc7 12. Bg5 Be7 13. Qd3 g6 14. Ne5 Kg7 15. Qe3 Ng8 16. Bf4 Qd8 17. c5 Re8 18. Nc4 Nf6 19. Nd6 Bxd6 20. Bxd6 Nd5 21. Qg3 Kg8 22. h4 Nf6 23. Qg5 Nh5 24. g4 Qxg5 25. hxg5 Ng7 26. f3 e5 27. Bxe5 Ne6 28. Bf6 Nf4 29. Rfe1 Bd7 30. Kf2 Rxe1 31. Rxe1 Re8 32. Rxe8+ Bxe8 33. Ke3 Nd5+ 34. Ke4 h6 35. Ke5 hxg5 36. Bxg5 Kg7 37. Kd6 f6 38. Bd2 Kf7 39. f4 Kf8 40. b4 a6 41. a4 Kf7 42. b5 axb5 43. axb5 Ne7 44. b6 Nd5 45. Bb3 f5 46. g5 Kf8 47. Bxd5 cxd5 48. Kxd5 Ke7 49. Ke5 Kd7 50. d5 Bf7 51. Bb4 Be8 52. c6+ Kc8 53. Kd6 Bf7 54. Bc5 Kb8 55. Bd4 Be8 56. Be5 Kc8 57. Kc5 Bf7 58. d6 bxc6 1-0

[Event "Centrocoop June op-B"]
[Site "Eforie Nord"]
[Date "1998.??.??"]
[Round "?"]
[White "Gukasian, Suren"]
[Black "Caravan, Mariana"]
[Result "1/2-1/2"]
[WhiteElo "1650"]
[BlackElo "2125"]
[PlyCount "39"]
[EventDate "1998.06.??"]
[EventType "swiss"]
[EventRounds "11"]
[EventCountry "ROU"]
[SourceTitle "EXT 2000"]
[Source "ChessBase"]
[SourceDate "1999.11.16"]
[SourceVersion "1"]
[SourceVersionDate "1999.11.16"]
[SourceQuality "1"]

1. e4 c5 2. Nc3 d6 3. g3 Nc6 4. Bg2 g6 5. d3 Bg7 6. Nge2 e6 7. Be3 Nd4 8. 0-0 Ne7 9. Qd2 0-0 10. Nd1 Rb8 11. c3 Nxe2+ 12. Qxe2 b5 13. Qd2 Re8 14. Bh6 Bh8 15. Ne3 Bb7 16. f4 f5 17. Bg5 Qd7 18. g4 Bg7 19. Rae1 d5 20. gxf5 1/2-1/2

[Event "Centrocoop Sept op-B"]
[Site "Eforie Nord"]
[Date "1998.??.??"]
[Round "?"]
[White "Ionica, Iulia Ionela"]
[Black "Caravan, Mariana"]
[Result "1-0"]
[WhiteElo "2195"]
[BlackElo "2125"]
[PlyCount "91"]
[EventDate "1998.09.??"]
[EventType "swiss"]
[EventRounds "11"]
[EventCountry "ROU"]
[SourceTitle "EXT 2000"]
[Source "ChessBase"]
[SourceDate "1999.11.16"]
[SourceVersion "1"]
[SourceVersionDate "1999.11.16"]
[SourceQuality "1"]

1. e4 c5 2. Nf3 d6 3. d4 cxd4 4. Nxd4 Nf6 5. Nc3 a6 6. Bg5 e6 7. f4 Be7 8. Qf3 Qc7 9. 0-0-0 Nbd7 10. g4 b5 11. Bxf6 Nxf6 12. g5 Nd7 13. h4 b4 14. Nce2 Bb7 15. Ng3 Nc5 16. Bh3 g6 17. Rhf1 0-0-0 18. Qe3 Kb8 19. Kb1 Rhe8 20. Rc1 Bf8 21. c3 e5 22. fxe5 dxe5 23. Nb5 axb5 24. cxb4 Rd3 25. Qe1 Rxg3 26. Qxg3 Nxe4 27. Qe3 Qd6 28. Rxf7 Nd2+ 29. Ka1 Nc4 30. Qf2 Be7 31. Rxh7 Bd5 32. Rd1 Qb6 33. Qe2 Qe3 34. Qh2 Qf4 35. Qxf4 exf4 36. Bd7 Rd8 37. Rxe7 Bc6 38. Bg4 Rxd1+ 39. Bxd1 f3 40. Rf7 Nd2 41. Rf6 Be4 42. b3 Bf5 43. Bxf3 Nxf3 44. Rxf5 gxf5 45. g6 Nxh4 46. g7 1-0

[Event "Centrocoop June op-B"]
[Site "Eforie Nord"]
[Date "1998.??.??"]
[Round "?"]
[White "Priomov, Serghey"]
[Black "Caravan, Mariana"]
[Result "1/2-1/2"]
[WhiteElo "1750"]
[BlackElo "2125"]
[PlyCount "130"]
[EventDate "1998.06.??"]
[EventType "swiss"]
[EventRounds "11"]
[EventCountry "ROU"]
[SourceTitle "EXT 2000"]
[Source "ChessBase"]
[SourceDate "1999.11.16"]
[SourceVersion "1"]
[SourceVersionDate "1999.11.16"]
[SourceQuality "1"]

1. e4 c5 2. Nf3 d6 3. d4 cxd4 4. Nxd4 Nf6 5. Nc3 a6 6. g3 g6 7. Bg2 Bg7 8. 0-0 0-0 9. h3 Nc6 10. Be3 Bd7 11. Qd2 Ne5 12. b3 Rc8 13. Nd5 e6 14. Nxf6+ Bxf6 15. c4 Nc6 16. Rad1 Be7 17. Bh6 Re8 18. h4 Nxd4 19. Qxd4 e5 20. Qd2 b5 21. cxb5 Bxb5 22. Rfe1 Qd7 23. Kh2 Qb7 24. h5 Bd7 25. Bf3 Rc7 26. Rc1 Rec8 27. Rxc7 Rxc7 28. Kg2 Qc8 29. Rc1 Rxc1 30. Qxc1 Qxc1 31. Bxc1 Bc6 32. hxg6 hxg6 33. g4 f6 34. Kg3 Kf7 35. Bg2 Ke6 36. f3 d5 37. exd5+ Bxd5 38. Bf1 a5 39. Ba6 Bb4 40. Kf2 Kd6 41. Bd3 g5 42. Be4 Be6 43. Ke2 Bd7 44. a3 Bc5 45. Kd3 Be6 46. Kc2 Kc7 47. Bd2 Kb6 48. b4 axb4 49. axb4 Bd6 50. Kb2 Bc4 51. Kc3 Be2 52. Be3+ Kb5 53. Bd3+ Bxd3 54. Kxd3 Bxb4 55. Ke4 Kc4 56. Bb6 Be7 57. Ba5 Kb5 58. Bc7 Kc6 59. Ba5 Kb5 60. Be1 Kc4 61. Bd2 Bd8 62. Be3 Be7 63. Bb6 Kb5 64. Ba7 Kc4 65. Bb6 Kb5 1/2-1/2

[Event "ROM-chT2"]
[Site "Sovata"]
[Date "1997.??.??"]
[Round "8"]
[White "Adoamnei, Roxana Antonela"]
[Black "Caravan, Mariana"]
[Result "1-0"]
[WhiteElo "2095"]
[BlackElo "2170"]
[PlyCount "91"]
[EventDate "1997.10.??"]
[EventType "team-tourn"]
[EventRounds "7"]
[EventCountry "ROU"]
[SourceTitle "EXT 2000"]
[Source "ChessBase"]
[SourceDate "1999.11.16"]
[SourceVersion "1"]
[SourceVersionDate "1999.11.16"]
[SourceQuality "1"]

1. c4 Nf6 2. Nc3 g6 3. e4 d6 4. d4 Bg7 5. h3 0-0 6. Bg5 Nbd7 7. Nf3 h6 8. Be3 c5 9. d5 a6 10. Qd2 Kh7 11. Bd3 Rb8 12. a4 b6 13. 0-0 Ne8 14. Rfe1 Ne5 15. Nxe5 dxe5 16. Ne2 Nd6 17. b4 cxb4 18. Qxb4 Bd7 19. f3 a5 20. Qb3 e6 21. Nc3 f5 22. Rab1 Qe8 23. Qa3 Nc8 24. c5 exd5 25. exd5 e4 26. fxe4 Qe5 27. c6 Bxc6 28. dxc6 Qxc3 29. Qxc3 Bxc3 30. exf5 gxf5 31. Rec1 Bb4 32. c7 Ra8 33. Rc6 Ne7 34. Rxh6+ Kg7 35. Rxb6 Rfc8 36. Bd4+ Kh7 37. Rc1 Bd2 38. Rc2 Bf4 39. Re6 Nd5 40. Bxf5+ Kg8 41. Rg6+ Kf7 42. Rg7+ Kf8 43. Bxc8 Rxc8 44. Rd7 Rxc7 45. Rdxc7 Bxc7 46. Rc5 1-0

[Event "ROM-ch op (Women)"]
[Site "Eforie Nord"]
[Date "1997.??.??"]
[Round "?"]
[White "Caravan, Mariana"]
[Black "Crisan, Cristina"]
[Result "1-0"]
[WhiteElo "2170"]
[BlackElo "2075"]
[PlyCount "95"]
[EventDate "1997.09.??"]
[EventType "swiss"]
[EventRounds "11"]
[EventCountry "ROU"]
[SourceTitle "EXT 2000"]
[Source "ChessBase"]
[SourceDate "1999.11.16"]
[SourceVersion "1"]
[SourceVersionDate "1999.11.16"]
[SourceQuality "1"]

1. d4 Nf6 2. c4 g6 3. Nc3 Bg7 4. e4 d6 5. h3 0-0 6. Bg5 Nbd7 7. Nf3 h6 8. Be3 e5 9. d5 Nc5 10. Qc2 a5 11. g4 Ne8 12. Be2 f5 13. gxf5 gxf5 14. 0-0-0 fxe4 15. Nxe4 Nxe4 16. Qxe4 Bf5 17. Qh4 Qf6 18. Qxf6 Nxf6 19. Nh4 Be4 20. Rhg1 Kf7 21. Bd3 Bxd3 22. Rxd3 Rh8 23. Nf5 Rag8 24. Bd2 Ne4 25. Rf3 Nxd2 26. Nxd6+ Ke7 27. Nf5+ Kf6 28. Kxd2 e4 29. Rf4 Ke5 30. Ke3 Bf8 31. Rd1 h5 32. d6 cxd6 33. Rd5+ Ke6 34. Rxe4+ Kd7 35. Rxa5 Rg1 36. Rd5 Rh1 37. Rh4 Be7 38. Nxe7 Kxe7 39. Rhxh5 Rxh3+ 40. Rxh3 Rxh3+ 41. f3 Kd7 42. b4 b6 43. c5 bxc5 44. bxc5 Kc6 45. Rxd6+ Kxc5 46. Rd2 Kc4 47. Ke4 Kc3 48. Rd8 1-0

[Event "ROM-chT2"]
[Site "Sovata"]
[Date "1997.??.??"]
[Round "9"]
[White "Caravan, Mariana"]
[Black "Duminica, Mariana"]
[Result "0-1"]
[WhiteElo "2170"]
[BlackElo "2085"]
[PlyCount "81"]
[EventDate "1997.10.??"]
[EventType "team-tourn"]
[EventRounds "7"]
[EventCountry "ROU"]
[SourceTitle "EXT 2000"]
[Source "ChessBase"]
[SourceDate "1999.11.16"]
[SourceVersion "1"]
[SourceVersionDate "1999.11.16"]
[SourceQuality "1"]

1. d4 c5 2. d5 e5 3. c4 d6 4. Nc3 f5 5. e4 f4 6. g3 fxg3 7. hxg3 Nf6 8. Bg5 Be7 9. Qd2 0-0 10. Be2 Ng4 11. Bxe7 Qxe7 12. f3 Nh6 13. 0-0-0 Na6 14. Nh3 Nf7 15. f4 Bxh3 16. Rxh3 Nc7 17. Rdh1 h6 18. Bd3 a6 19. Nd1 b5 20. Ne3 bxc4 21. Nf5 Qf6 22. Bxc4 Rfe8 23. Qe2 Rab8 24. Rh4 Kh7 25. Rg4 Rg8 26. Nh4 g6 27. Nf3 Kg7 28. Rgh4 Rh8 29. Rf1 Rhf8 30. Qh2 h5 31. Qd2 Rb4 32. b3 exf4 33. e5 dxe5 34. Qb2 fxg3 35. Re4 Kh7 36. a3 Nd6 37. Qxe5 Nxe4 38. Qxc7+ Rf7 39. d6 Rxc4+ 40. bxc4 Rxc7 41. dxc7 0-1

[Event "Coca Cola op"]
[Site "Olanesti"]
[Date "1997.??.??"]
[Round "6"]
[White "Caravan, Mariana"]
[Black "Ghinda, Mihail Viorel"]
[Result "0-1"]
[WhiteElo "2170"]
[BlackElo "2455"]
[PlyCount "57"]
[EventDate "1997.11.??"]
[EventType "swiss"]
[EventRounds "9"]
[EventCountry "ROU"]
[SourceTitle "EXT 2000"]
[Source "ChessBase"]
[SourceDate "1999.11.16"]
[SourceVersion "1"]
[SourceVersionDate "1999.11.16"]
[SourceQuality "1"]

1. d4 g6 2. c4 Bg7 3. Nf3 d6 4. h3 c5 5. e3 Nf6 6. Bd3 Nc6 7. Nc3 cxd4 8. exd4 d5 9. 0-0 0-0 10. c5 Ne8 11. Be3 Nc7 12. Qb3 Kh8 13. Ne2 f6 14. Rad1 e5 15. dxe5 fxe5 16. Bg5 Qe8 17. Bc2 Ne6 18. Bc1 e4 19. Ne1 d4 20. Bxe4 Nxc5 21. Bxc6 bxc6 22. Qc2 Ba6 23. Nxd4 Bxf1 24. Kxf1 Ne6 25. Nef3 Rd8 26. Be3 Nxd4 27. Bxd4 Bxd4 28. Rxd4 Rxd4 29. Nxd4 0-1

[Event "Bucharest TICC (Women)"]
[Site "Bucharest"]
[Date "1997.??.??"]
[Round "?"]
[White "Caravan, Mariana"]
[Black "Moshina, Cristina"]
[Result "1-0"]
[WhiteElo "2195"]
[BlackElo "2090"]
[PlyCount "79"]
[EventDate "1997.??.??"]
[EventType "tourn"]
[EventRounds "11"]
[EventCountry "ROU"]
[SourceTitle "EXT 2001"]
[Source "ChessBase"]
[SourceDate "2000.11.22"]
[SourceVersion "1"]
[SourceVersionDate "2000.11.22"]
[SourceQuality "1"]

1. d4 d5 2. c4 e6 3. Nf3 Nf6 4. Nc3 Be7 5. g3 dxc4 6. Ne5 0-0 7. Bg2 Bb4 8. Nxc4 Nd5 9. Bd2 Nb6 10. Nxb6 axb6 11. a3 Be7 12. Bf4 c6 13. 0-0 Bf6 14. Be3 Nd7 15. Qb3 Be7 16. Rfd1 Nf6 17. Na4 b5 18. Nc5 Nd5 19. Bd2 e5 20. e4 exd4 21. exd5 Bxc5 22. dxc6 bxc6 23. Bxc6 Rb8 24. Rac1 Be6 25. Qf3 Qb6 26. Bf4 Rbd8 27. Bc7 Qxc7 28. Rxc5 Qd6 29. Rxb5 d3 30. Be4 d2 31. Qe3 f5 32. Bc2 Rfe8 33. Rb6 f4 34. gxf4 Bf7 35. Rxd6 Rxd6 36. Qc3 Re1+ 37. Rxe1 dxe1Q+ 38. Qxe1 Re6 39. Qc3 Bh5 40. Bb3 1-0

[Event "Calimanesti op"]
[Site "Calimanesti"]
[Date "1997.??.??"]
[Round "?"]
[White "Caravan, Mariana"]
[Black "Nevednichy, Vladislav"]
[Result "1-0"]
[WhiteElo "2195"]
[BlackElo "2535"]
[PlyCount "57"]
[EventDate "1997.01.??"]
[EventType "swiss"]
[EventRounds "9"]
[EventCountry "ROU"]
[SourceTitle "EXT 2000"]
[Source "ChessBase"]
[SourceDate "1999.11.16"]
[SourceVersion "1"]
[SourceVersionDate "1999.11.16"]
[SourceQuality "1"]

1. d4 Nf6 2. Nf3 e6 3. c4 a6 4. Nc3 c5 5. d5 b5 6. dxe6 fxe6 7. Bg5 Be7 8. e3 bxc4 9. Bxc4 d5 10. Bd3 Nc6 11. Rc1 c4 12. Bb1 Rb8 13. b3 cxb3 14. axb3 Nb4 15. Bf4 Bd6 16. Ne5 0-0 17. 0-0 a5 18. Re1 Ba6 19. Bg3 Rc8 20. e4 Bb7 21. exd5 Bxd5 22. Nxd5 exd5 23. Rxc8 Qxc8 24. Ng6 Re8 25. Bxd6 hxg6 26. Bxg6 Rxe1+ 27. Qxe1 Qg4 28. Bb1 Kf7 29. Qe7+ 1-0

[Event "ROM-chT2"]
[Site "Sovata"]
[Date "1997.??.??"]
[Round "7"]
[White "Caravan, Mariana"]
[Black "Sirbu, Dana"]
[Result "1/2-1/2"]
[WhiteElo "2170"]
[BlackElo "2075"]
[PlyCount "88"]
[EventDate "1997.10.??"]
[EventType "team-tourn"]
[EventRounds "7"]
[EventCountry "ROU"]
[SourceTitle "EXT 2000"]
[Source "ChessBase"]
[SourceDate "1999.11.16"]
[SourceVersion "1"]
[SourceVersionDate "1999.11.16"]
[SourceQuality "1"]

1. d4 Nf6 2. c4 g6 3. Nc3 d5 4. cxd5 Nxd5 5. e4 Nxc3 6. bxc3 Bg7 7. Be3 Nd7 8. Bc4 0-0 9. Ne2 c5 10. 0-0 Nb6 11. Bb3 cxd4 12. cxd4 Bg4 13. f3 Bd7 14. Rc1 Bb5 15. d5 Rc8 16. Rxc8 Nxc8 17. Qc2 Nd6 18. Rd1 Qc8 19. Rc1 Qxc2 20. Rxc2 Rc8 21. Rxc8+ Nxc8 22. Kf2 Kf8 23. Bc5 Ke8 24. Bd4 Bxd4+ 25. Nxd4 Ba6 26. e5 Nb6 27. f4 f6 28. Nf3 Bc4 29. Bxc4 Nxc4 30. g4 Nb6 31. d6 exd6 32. exf6 Nd5 33. g5 Nxf4 34. Ke3 Nd5+ 35. Kd4 Nc7 36. Nd2 Ne6+ 37. Kd5 Nxg5 38. Kxd6 Kf7 39. h4 Ne6 40. Ne4 b6 41. Ke5 Nc5 42. Nd6+ Kf8 43. Nc8 Nd7+ 44. Ke6 Nc5+ 1/2-1/2

[Event "Centrocoop op"]
[Site "Eforie Nord"]
[Date "1997.??.??"]
[Round "?"]
[White "Caravan, Mariana"]
[Black "Zatonskih, Anna"]
[Result "0-1"]
[WhiteElo "2170"]
[BlackElo "2325"]
[PlyCount "60"]
[EventDate "1997.??.??"]
[EventType "swiss"]
[EventRounds "11"]
[EventCountry "ROU"]
[SourceTitle "EXT 2010"]
[Source "ChessBase"]
[SourceDate "2010.11.25"]
[SourceVersion "1"]
[SourceVersionDate "2010.11.25"]
[SourceQuality "1"]

1. d4 e6 2. c4 f5 3. g3 Nf6 4. Bg2 c6 5. Nh3 d6 6. Nc3 Qc7 7. e4 e5 8. 0-0 Be7 9. Re1 0-0 10. dxe5 dxe5 11. Qe2 fxe4 12. Nxe4 Bf5 13. Nhg5 Nbd7 14. Bd2 Nc5 15. b4 Nfxe4 16. Nxe4 Ne6 17. Bc3 Nd4 18. Qb2 Rad8 19. Rad1 Qd7 20. f4 Bxe4 21. Bxe4 Bf6 22. fxe5 Bxe5 23. Kh1 Bf6 24. Bg2 Qg4 25. Be4 Ne2 26. Bxh7+ Kxh7 27. Qc2+ Kg8 28. Rxe2 Qf3+ 29. Kg1 Bxc3 30. c5 Bd4+ 0-1

[Event "ROM-chT2"]
[Site "Sovata"]
[Date "1997.??.??"]
[Round "3"]
[White "Draghici Flutur, Gavril"]
[Black "Caravan, Mariana"]
[Result "0-1"]
[WhiteElo "1635"]
[BlackElo "2170"]
[PlyCount "102"]
[EventDate "1997.10.??"]
[EventType "team-tourn"]
[EventRounds "7"]
[EventCountry "ROU"]
[SourceTitle "EXT 2000"]
[Source "ChessBase"]
[SourceDate "1999.11.16"]
[SourceVersion "1"]
[SourceVersionDate "1999.11.16"]
[SourceQuality "1"]

1. d4 Nf6 2. Nf3 g6 3. Bg5 Bg7 4. Nbd2 d5 5. e3 0-0 6. Bd3 b6 7. 0-0 Bb7 8. c3 Nbd7 9. Re1 Ne4 10. Bh4 c5 11. Qb1 f5 12. Bg3 Nxd2 13. Nxd2 e5 14. dxe5 Nxe5 15. Be2 Qe7 16. Nf3 Nc4 17. Qc2 Nd6 18. Rad1 Ne4 19. c4 dxc4 20. Bxc4+ Kh8 21. Bd5 Nxg3 22. hxg3 Rad8 23. Bxb7 Qxb7 24. b3 Qe7 25. Rxd8 Rxd8 26. Rd1 Bf6 27. Rd2 Kg7 28. Qd1 a6 29. Qc2 Rxd2 30. Qxd2 Qd8 31. Qc2 Qd5 32. Ne1 b5 33. Nd3 c4 34. Nf4 Qc6 35. Ne2 Kf7 36. f3 Qc5 37. Kf2 c3 38. Nc1 b4 39. Nd3 Qd6 40. f4 a5 41. Ke2 Qd5 42. Kd1 Ke6 43. Qe2 Bd8 44. Kc1 Bf6 45. g4 h5 46. g5 Bg7 47. Kc2 Qe4 48. Kc1 Bd4 49. Nc5+ Bxc5 50. Qa6+ Bd6 51. Qc8+ Kf7 0-1